Marketingový výskum trhu ako podporný proces systému manažérstva kvality
Procesný prístup a manažérstvo kvality. Procesný prístup k marketingovému výskumu. Kvalita, kritériá kvality a proces marketingového výskumu. Oblasti marketingového výskumu. Nové trendy v metódach marketingového výskumu sa dotýkajú kvantity, kvality i dostupnosti informácií, ktorá podstatne vzrastie...
Na minha lista:
| Autor principal: | |
|---|---|
| Formato: | Capítulo de Livro |
| Idioma: | eslovaco |
| Assuntos: | |
| Tags: |
Sem tags, seja o primeiro a adicionar uma tag!
|
MARC
| LEADER | 00000naa$a2200000$$$4500 | ||
|---|---|---|---|
| 001 | 0050761 | ||
| 005 | 20231114075550.2 | ||
| 041 | 0 | |a slo | |
| 044 | |a CZ | ||
| 245 | 1 | 0 | |a Marketingový výskum trhu ako podporný proces systému manažérstva kvality |c Jarmila Šalgovičová |
| 520 | |a Procesný prístup a manažérstvo kvality. Procesný prístup k marketingovému výskumu. Kvalita, kritériá kvality a proces marketingového výskumu. Oblasti marketingového výskumu. Nové trendy v metódach marketingového výskumu sa dotýkajú kvantity, kvality i dostupnosti informácií, ktorá podstatne vzrastie. Ďalší vývoj informačných technológií prinesie zefektívnenie procesu marketingového výskumu. | ||
| 610 | 2 | 0 | |a manažment |
| 610 | 2 | 0 | |a kvalita |
| 610 | 2 | 0 | |a riadenie kvality |
| 610 | 2 | 0 | |a výskum |
| 610 | 2 | 0 | |a marketing |
| 610 | 2 | 0 | |a výskum trhu |
| 100 | 1 | |a Šalgovičová, Jarmila | |